Cities in former USSR - sudden death - Statistics

General Stats
  • This quiz has been taken 48 times
  • The average score is 10 of 13
Answers on the Grid
Answers color-coded by a green-red scale on the quiz's grid according to % correct below.
Vladivostok
Cracow
Bishkek
Almaty
Helsinki
Tehran
Sevastopol
Tallinn
Bucharest
Chisinau
Sofia
Belgrade
Budapest
Ufa
St. Petersburg
Tbilisi
Ulaanbaatar
Beijing
Krasnodar
Luhansk
Lviv
Bratislava
Samara
Samsun
 
Answer Stats
Answer % Correct
St. Petersburg
94%
Sevastopol
85%
Tbilisi
82%
Vladivostok
82%
Tallinn
79%
Almaty
76%
Bishkek
76%
Chisinau
76%
Krasnodar
76%
Luhansk
76%
Samara
71%
Lviv
68%
Ufa
68%
No matching quizzes found
Score Distribution
Percent of People with Each Score
Percentile by Number Answered
Your Score History
You have not taken this quiz